Statistics for NBA: Bulls Assists Per Game Leader Every Season

Click here to take the quiz!

General Stats

  • This quiz has been taken 16 times
  • The average score is 33 of 57

Answer Stats

SeasonAPGPositionAnswer% Correct
20154.9GDerrick Rose
100%
20096.3GDerrick Rose
100%
20106.0GDerrick Rose
100%
20117.7GDerrick Rose
100%
20127.9GDerrick Rose
100%
20034.8FJalen Rose
100%
19955.3GMichael Jordan
100%
19898.0GMichael Jordan
100%
19906.3GMichael Jordan
100%
19855.9GMichael Jordan
100%
19936.3FScottie Pippen
100%
19927.0FScottie Pippen
100%
19945.6FScottie Pippen
100%
19965.9FScottie Pippen
100%
19916.2FScottie Pippen
100%
19975.7FScottie Pippen
100%
19985.8FScottie Pippen
100%
20235.1FDeMar DeRozan
93%
20214.9GZach LaVine
93%
20076.3GKirk Hinrich
80%
20046.8GKirk Hinrich
80%
20135.2GKirk Hinrich
80%
20086.0GKirk Hinrich
80%
20056.4GKirk Hinrich
80%
20066.3GKirk Hinrich
80%
20164.8GJimmy Butler
60%
20145.4CJoakim Noah
53%
19875.7GJohn Paxson
53%
19786.8GNorm Van Lier
53%
19727.1GNorm Van Lier
47%
19777.8GNorm Van Lier
47%
19737.1GNorm Van Lier
47%
19746.9GNorm Van Lier
47%
19755.8GNorm Van Lier
47%
19766.6GNorm Van Lier
47%
19825.8GReggie Theus
47%
19815.2GReggie Theus
47%
19806.3GReggie Theus
47%
19835.9GReggie Theus
47%
19795.2GReggie Theus
47%
20005.2FToni Kukoč
40%
19995.3FToni Kukoč
40%
20225.1GLonzo Ball
33%
20176.7GRajon Rondo
27%
19687.0GGuy Rodgers
13%
196711.2GGuy Rodgers
13%
19888.4GSam Vincent
13%
20013.9GBryce Drew
7%
19707.6GClem Haskins
7%
19693.9GClem Haskins
7%
19848.3GEnnis Whatley
7%
20196.0GKris Dunn
7%
20186.0GKris Dunn
7%
19865.4GKyle Macy
7%
20205.4GTomáš Satoranský
7%
19714.8CTom Boerwinkle
7%
20025.6GGreg Anthony
0%

Score Distribution

Percentile by Number Answered

Percent of People with Each Score

Your Score History

You have not taken this quiz